[Event "North American op 34th"]
[Site "Las Vegas"]
[Date "2024.12.30"]
[Round "9"]
[White "Atoufi, Pedram"]
[Black "Liu, Austin"]
[Result "0-1"]
[WhiteElo "2162"]
[BlackElo "2091"]
[PlyCount "66"]
[EventDate "2024.12.26"]
[EventType "swiss"]
[EventRounds "9"]
[EventCountry "USA"]
[SourceTitle "CB02_2025"]
[SourceDate "2025.01.08"]
[SourceVersion "1"]
[SourceVersionDate "2025.01.08"]
[SourceQuality "1"]

1. e4 c5 2. Nf3 d6 3. d4 cxd4 4. Nxd4 Nf6 5. Nc3 g6 6. Be3 Bg7 7. f3 0-0 8. Qd2 Nc6 9. Bc4 Bd7 10. 0-0-0 Rc8 11. Bb3 Nxd4 12. Bxd4 b5 13. h4 a5 14. a3 b4 15. axb4 axb4 16. Nd5 Nxd5 17. Bxg7 Kxg7 18. exd5 Kg8 19. Qxb4 Rb8 20. Qd4 Qa5 21. Bc4 Rfc8 22. b3 Bf5 23. g4 Rxc4 24. bxc4 Bxc2 25. Kxc2 Qa2+ 26. Kd3 Rb3+ 27. Ke4 Qe2+ 28. Kf4 Rxf3+ 29. Kg5 e5 30. dxe6 Qxe6 31. Rhe1 Qc8 32. Qd5 Qd8+ 33. Kh6 Qf8+ 0-1

[Event "PNWCC Online blitz JP 2nd"]
[Site "Chess.com INT"]
[Date "2020.03.21"]
[Round "4"]
[White "Liu, Austin"]
[Black "Chen, Aidan"]
[Result "0-1"]
[WhiteElo "1423"]
[BlackElo "1719"]
[PlyCount "140"]
[EventDate "2020.03.21"]
[EventType "swiss (blitz)"]
[EventRounds "11"]
[EventCountry "USA"]
[SourceTitle "CBM 195 Extra"]
[Source "ChessBase"]
[SourceDate "2020.05.31"]
[SourceVersion "1"]
[SourceVersionDate "2020.05.31"]
[SourceQuality "1"]

1. e4 c6 2. d4 d5 3. Nc3 dxe4 4. Nxe4 Nf6 5. Nxf6+ exf6 6. Nf3 Bd6 7. Bc4 0-0 8. Be3 Re8 9. Qd2 Nd7 10. 0-0-0 Nf8 11. h4 a5 12. Kb1 a4 13. h5 Bf5 14. Bd3 Qd7 15. h6 g6 16. Nh4 Bxd3 17. Qxd3 a3 18. b3 Bb4 19. f4 Qe7 20. Bf2 Qe2 21. Bg3 Re3 22. Qxe2 Rxe2 23. f5 g5 24. Nf3 Rxg2 25. Be1 Bd6 26. Bd2 Re8 27. Rhg1 Ree2 28. Rxg2 Rxg2 29. Rg1 Rf2 30. Nxg5 fxg5 31. Bxg5 Ng6 32. fxg6 fxg6 33. Be3 Re2 34. Bg5 Re4 35. Kc1 Rxd4 36. c3 Re4 37. Kc2 Re2+ 38. Kd3 Rxa2 39. Re1 Rf2 40. Re8+ Rf8 41. Re6 Bf4 42. Bf6 a2 43. Re1 Rxf6 44. Re8+ Rf8 45. Re1 Bxh6 46. Ra1 Ra8 47. Kc2 Kf7 48. Kb2 Ke6 49. Rxa2 Rxa2+ 50. Kxa2 Kd5 51. b4 Kc4 52. Kb2 b5 53. Kc2 Bg7 54. Kd2 Bxc3+ 55. Ke3 Bxb4 56. Kf4 Bc5 57. Kg5 b4 58. Kh6 b3 59. Kg7 b2 60. Kh8 b1Q 61. Kxh7 Qb7+ 62. Kxg6 Bb4 63. Kh5 Kb3 64. Kh6 c5 65. Kg5 c4 66. Kh5 c3 67. Kh4 c2 68. Kg4 c1Q 69. Kh3 Qg7 70. Kh4 Qh1# 0-1

[Event "PNWCC Online blitz JP 2nd"]
[Site "Chess.com INT"]
[Date "2020.03.21"]
[Round "2"]
[White "Liu, Austin"]
[Black "Vu, Leonard"]
[Result "0-1"]
[WhiteElo "1423"]
[BlackElo "1813"]
[PlyCount "152"]
[EventDate "2020.03.21"]
[EventType "swiss (blitz)"]
[EventRounds "11"]
[EventCountry "USA"]
[SourceTitle "CBM 195 Extra"]
[Source "ChessBase"]
[SourceDate "2020.05.31"]
[SourceVersion "1"]
[SourceVersionDate "2020.05.31"]
[SourceQuality "1"]

1. e4 c5 2. Nf3 d6 3. d4 cxd4 4. Nxd4 Nf6 5. Nc3 g6 6. Be3 Bg7 7. f3 a6 8. Qd2 h5 9. 0-0-0 b5 10. Kb1 Bb7 11. h3 Nbd7 12. Be2 Rc8 13. g4 Nb6 14. g5 Nfd7 15. f4 Nc4 16. Bxc4 Rxc4 17. Rhf1 b4 18. Nd5 e6 19. b3 Rc8 20. Nxb4 Bxe4 21. Rfe1 a5 22. Nd3 Nc5 23. Nxc5 dxc5 24. Nb5 Qxd2 25. Rxd2 0-0 26. Nd6 Rcd8 27. Nxe4 Rxd2 28. Nxd2 Bc3 29. Re2 Rd8 30. a4 f6 31. gxf6 Kf7 32. Ka2 e5 33. b4 cxb4 34. Kb3 Kxf6 35. Ne4+ Kf5 36. Nxc3 bxc3 37. Kxc3 exf4 38. Bd4 Rc8+ 39. Kd3 Rd8 40. Rf2 g5 41. c3 g4 42. hxg4+ hxg4 43. Ke2 g3 44. Rg2 Kg4 45. Rg1 f3+ 46. Kf1 g2+ 47. Kf2 Re8 48. Be3 Re4 49. Re1 Rxa4 50. Rd1 Ra2+ 51. Rd2 Rxd2+ 52. Bxd2 a4 53. c4 a3 54. Bc3 Kh3 55. Kg1 a2 56. Be5 f2+ 57. Kxf2 a1Q 58. Bxa1 Kh2 59. Be5+ Kh1 60. Ke3 g1Q+ 61. Ke4 Qc5 62. Kd3 Kg2 63. Bd4 Qc6 64. c5 Kf3 65. Kc4 Ke4 66. Bc3 Qd5+ 67. Kb4 Qc6 68. Kc4 Qa4+ 69. Bb4 Ke5 70. Kc3 Kd5 71. c6 Qxc6+ 72. Kb3 Qc4+ 73. Ka4 Kc6 74. Ka3 Kb5 75. Bd2 Qd3+ 76. Kb2 Qxd2+ 0-1

[Event "PNWCC Online blitz JP 2nd"]
[Site "Chess.com INT"]
[Date "2020.03.21"]
[Round "8"]
[White "Tu, Robin"]
[Black "Liu, Austin"]
[Result "1-0"]
[WhiteElo "1618"]
[BlackElo "1423"]
[PlyCount "123"]
[EventDate "2020.03.21"]
[EventType "swiss (blitz)"]
[EventRounds "11"]
[EventCountry "USA"]
[SourceTitle "CBM 195 Extra"]
[Source "ChessBase"]
[SourceDate "2020.05.31"]
[SourceVersion "1"]
[SourceVersionDate "2020.05.31"]
[SourceQuality "1"]

1. e4 c5 2. Nc3 d6 3. f4 Nc6 4. Nf3 g6 5. Bb5 Bg7 6. 0-0 a6 7. Bxc6+ bxc6 8. d3 Nf6 9. h3 0-0 10. g4 Bb7 11. g5 Nd7 12. Qe1 f6 13. h4 fxg5 14. hxg5 e5 15. Qh4 exf4 16. Bxf4 Ne5 17. Bxe5 Bxe5 18. Nxe5 dxe5 19. Kg2 Qe7 20. Rf6 Rxf6 21. gxf6 Qf7 22. Rf1 Rf8 23. Na4 c4 24. Nc5 Bc8 25. Qg5 Kh8 26. Qxe5 cxd3 27. cxd3 Re8 28. Qd6 h5 29. Qxc6 Bg4 30. d4 Rb8 31. Rf2 h4 32. e5 h3+ 33. Kg3 Bf5 34. Nxa6 Rc8 35. Qd6 Qxa2 36. Nc5 Qc4 37. b3 Qc3+ 38. Rf3 Qe1+ 39. Kf4 Qd2+ 40. Kg3 Qe1+ 41. Rf2 Qg1+ 42. Kf3 Qd1+ 43. Ke3 Qc1+ 44. Rd2 Qe1+ 45. Re2 Qc3+ 46. Kf2 Qc1 47. e6 h2 48. Qxh2+ Kg8 49. f7+ Kg7 50. Qe5+ Kh6 51. e7 Qg5 52. f8Q+ Kh5 53. Qfh8+ Rxh8 54. Qxh8+ Kg4 55. Ke1 Qc1+ 56. Kf2 Qf4+ 57. Kg1 Qc1+ 58. Kg2 Qf4 59. e8Q Qf3+ 60. Kg1 Qc3 61. Re4+ Kg3 62. Qhe5+ 1-0